Państwa które były w ćwierć finale mś 2022 - Statystyki

Ogólne statystyki
  • Ten quiz został rozwiązany 101 razy
  • Średni wynik to 7 z 8
Statystyki odpowiedzi
Podpowiedź Odpowiedź % Poprawnych
Grupa c Argentyna
99%
Grupa d Francja
99%
Grupa f Maroko
94%
Grupa h Portugalia
94%
Grupa f Chorwacja
93%
Grupa b Anglia
91%
Grupa a Holandia
89%
Grupa g Brazylia
88%
Nie znaleziono quizów pasujących do podanych kryteriów
Rozkład punktacji
Procent ludzi z każdym wynikiem
Percentyl według liczby udzielonych odpowiedzi
Twoja historia wyników
Nie rozwiązałeś tego quizu